[Event "GER-chT U12"]
[Site "Muenchen"]
[Date "2022.12.30"]
[Round "7"]
[White "Mende, Magnus"]
[Black "Wuensche, Jonathan"]
[Result "1-0"]
[WhiteElo "915"]
[BlackElo "1068"]
[PlyCount "99"]
[EventDate "2022.12.26"]
[EventType "team-swiss"]
[EventRounds "7"]
[EventCountry "GER"]
[SourceTitle "CBM 212 Extra"]
[Source "ChessBase"]
[SourceDate "2023.03.31"]
[SourceVersion "1"]
[SourceVersionDate "2023.03.31"]
[SourceQuality "1"]
[WhiteTeam "Fritzdorf"]
[BlackTeam "Barnim Schachfreunde"]
[WhiteTeamCountry "GER"]
[BlackTeamCountry "GER"]

1. e4 e5 2. Nf3 Nc6 3. Bc4 Bc5 4. c3 d6 5. 0-0 Bg4 6. h3 Bh5 7. b4 Bb6 8. d3 h6 9. Nbd2 g5 10. Qb3 Qf6 11. a4 a5 12. b5 Nce7 13. Bb2 Ng6 14. d4 Nf4 15. Kh2 Rh7 16. g3 Nxh3 17. Be2 g4 18. Nh4 exd4 19. f3 Ng1 20. fxg4 Qe6 21. Qxe6+ fxe6 22. gxh5 Nxe2 23. Ng6 0-0-0 24. Nf3 d3 25. Bc1 Rf7 26. Bd2 Nf6 27. e5 dxe5 28. Nfxe5 Ng4+ 29. Nxg4 Rxf1 30. Rxf1 Bg1+ 31. Kg2 Bc5 32. Rf3 Bb4 33. cxb4 axb4 34. Bxb4 d2 35. Bxd2 Rxd2 36. Rf2 c6 37. Nf4 Nxf4+ 38. gxf4 Rd4 39. bxc6 bxc6 40. Nxh6 c5 41. Nf7 c4 42. h6 c3 43. h7 Rd2 44. h8Q+ Kd7 45. Qxc3 Rxf2+ 46. Kxf2 Ke7 47. Qc7+ Kf6 48. Ng5 Kg6 49. Qf7+ Kh6 50. Qh7# 1-0

[Event "GER-chT U12"]
[Site "Muenchen"]
[Date "2022.12.28"]
[Round "4"]
[White "Wuensche, Jonathan"]
[Black "Tselepidis, Konstantinos"]
[Result "1-0"]
[WhiteElo "1068"]
[BlackElo "1015"]
[PlyCount "59"]
[EventDate "2022.12.26"]
[EventType "team-swiss"]
[EventRounds "7"]
[EventCountry "GER"]
[SourceTitle "CBM 212 Extra"]
[Source "ChessBase"]
[SourceDate "2023.03.31"]
[SourceVersion "1"]
[SourceVersionDate "2023.03.31"]
[SourceQuality "1"]
[WhiteTeam "Barnim Schachfreunde"]
[BlackTeam "Heilbronn"]
[WhiteTeamCountry "GER"]
[BlackTeamCountry "GER"]

1. e4 e5 2. Nf3 Nc6 3. Bc4 Bc5 4. Nc3 Nf6 5. d3 h6 6. Be3 Bxe3 7. fxe3 0-0 8. Qd2 d6 9. h3 Be6 10. Bxe6 fxe6 11. d4 exd4 12. exd4 Re8 13. 0-0-0 e5 14. dxe5 Nxe5 15. Nxe5 dxe5 16. Qe2 Qe7 17. Nd5 Nxd5 18. Rxd5 c6 19. Rd2 Qe6 20. Kb1 a5 21. g4 a4 22. a3 b5 23. b4 axb3 24. cxb3 Qxb3+ 25. Rb2 Qxa3 26. Rf1 Qxh3 27. Ra2 Rxa2 28. Qxa2+ Kh8 29. Qf7 Qb3+ 30. Qxb3 1-0